Normal view
MARC view
- المقالات العامة العربية-الثقافة العربية-الادب العربي-السياسة
Entry Topical Term
001 - CONTROL NUMBER
- control field: 8024
003 - CONTROL NUMBER IDENTIFIER
- control field: JO-AjAnu
005 - DATE AND TIME OF LATEST TRANSACTION
- control field: 20230606071609.0
008 - FIXED-LENGTH DATA ELEMENTS
- fixed length control field: 230606|| aca||aabn | a|a d
040 ## - CATALOGING SOURCE
- Original cataloging agency: JO-AjAnu
- Transcribing agency: JO-AjAnu
150 ## - HEADING--TOPICAL TERM
- Topical term or geographic name entry element: المقالات العامة العربية-الثقافة العربية-الادب العربي-السياسة
670 ## - SOURCE DATA FOUND
- Source citation: Work cat.: (JO-AjAnu)4145: درويش،هداية, author 8023, حوارات في الثقافة والسياسة والأدب